000
00393 a2200133 4500
000
nam a22 7a 4500
100
_a
आदेश परिहार
110
_a
आदेश परिहार
245
_a
भारत में डिजिटल करेंसी का उभार
250
_a
latest edition
260
_b
nisha
_c
2024
264
_b
nisha
_c
2024
942
_c
BK
999
_c
395479
_d
395479